000 00207 a2200097 4500
001 47809
100 _aAshton D
245 _aWhy exercise
260 _aNew York
_bBasil Blackwell
_c
090 _c30811
_d30811
942 _aNUST-CAE
_cM
_c23127
999 _c282882
_d282882